<?xml version="1.0" encoding="UTF-8"?>
<record
    xmlns:xsi="http://www.w3.org/2001/XMLSchema-instance"
    xsi:schemaLocation="http://www.loc.gov/MARC21/slim http://www.loc.gov/standards/marcxml/schema/MARC21slim.xsd"
    xmlns="http://www.loc.gov/MARC21/slim">

  <leader>01039nam a2200265 a 4500</leader>
  <controlfield tag="001">BRCA_3748</controlfield>
  <controlfield tag="005">20190320204417.0</controlfield>
  <controlfield tag="008">211009s2005----nyua---###---#000-0#eng-#</controlfield>
  <datafield tag="020" ind1=" " ind2=" ">
    <subfield code="a">1892535165</subfield>
  </datafield>
  <datafield tag="041" ind1=" " ind2=" ">
    <subfield code="a">eng</subfield>
  </datafield>
  <datafield tag="044" ind1=" " ind2=" ">
    <subfield code="a">nyu</subfield>
  </datafield>
  <datafield tag="050" ind1=" " ind2="4">
    <subfield code="a">TR395</subfield>
    <subfield code="b">.K73 2005</subfield>
  </datafield>
  <datafield tag="100" ind1="1" ind2=" ">
    <subfield code="a">Kraus, Hans P.</subfield>
    <subfield code="c">Jr.</subfield>
    <subfield code="9">9766</subfield>
  </datafield>
  <datafield tag="245" ind1="1" ind2="0">
    <subfield code="a">Sun Pictures</subfield>
    <subfield code="b">Catalogue Fourteen : Roger Fenton : A Family Collection</subfield>
    <subfield code="c">Hans P. Kraus ; text by Larry J. Schaaf ; introduction by Roger Taylor.</subfield>
  </datafield>
  <datafield tag="260" ind1=" " ind2=" ">
    <subfield code="a">New York</subfield>
    <subfield code="b">Hans P. Kraus, Jr. Inc.</subfield>
    <subfield code="c">c2005</subfield>
  </datafield>
  <datafield tag="300" ind1=" " ind2=" ">
    <subfield code="a">107 p.</subfield>
    <subfield code="b">il. (algunas a color)</subfield>
    <subfield code="c">28 cm.</subfield>
  </datafield>
  <datafield tag="500" ind1=" " ind2=" ">
    <subfield code="a">Cat&#xE1;logo de la exposici&#xF3;n realizada en la Galer&#xED;a Hans P. Kraus, Jr., Inc., 26 abril - 10 junio, 2005</subfield>
  </datafield>
  <datafield tag="504" ind1=" " ind2=" ">
    <subfield code="a">Incluye referencias bibliogr&#xE1;ficas</subfield>
  </datafield>
  <datafield tag="600" ind1="1" ind2="4">
    <subfield code="a">Fenton, Roger</subfield>
    <subfield code="d">1819-1869</subfield>
    <subfield code="v">Cat&#xE1;logos</subfield>
    <subfield code="x">Biograf&#xED;a</subfield>
    <subfield code="9">9767</subfield>
  </datafield>
  <datafield tag="650" ind1="1" ind2="4">
    <subfield code="a">Calotipo</subfield>
    <subfield code="v">Cat&#xE1;logos</subfield>
    <subfield code="9">9768</subfield>
  </datafield>
  <datafield tag="650" ind1="1" ind2="4">
    <subfield code="a">Fotograf&#xED;a</subfield>
    <subfield code="v">Cat&#xE1;logos</subfield>
    <subfield code="x">Historia</subfield>
    <subfield code="z">Gran Breta&#xF1;a</subfield>
    <subfield code="9">9769</subfield>
  </datafield>
  <datafield tag="700" ind1="1" ind2=" ">
    <subfield code="a">Schaaf, Larry J.</subfield>
    <subfield code="d">1947-</subfield>
    <subfield code="9">9770</subfield>
  </datafield>
  <datafield tag="700" ind1="1" ind2=" ">
    <subfield code="a">Taylor, Roger</subfield>
    <subfield code="d">1940-</subfield>
    <subfield code="9">9771</subfield>
  </datafield>
  <datafield tag="942" ind1=" " ind2=" ">
    <subfield code="2">lcc</subfield>
    <subfield code="c">B</subfield>
  </datafield>
  <datafield tag="999" ind1=" " ind2=" ">
    <subfield code="c">3477</subfield>
    <subfield code="d">3477</subfield>
  </datafield>
  <datafield tag="952" ind1=" " ind2=" ">
    <subfield code="0">0</subfield>
    <subfield code="1">0</subfield>
    <subfield code="4">0</subfield>
    <subfield code="7">0</subfield>
    <subfield code="a">BRCA</subfield>
    <subfield code="b">BRCA</subfield>
    <subfield code="d">2009-09-23</subfield>
    <subfield code="l">0</subfield>
    <subfield code="o">TR395 .K73 2005</subfield>
    <subfield code="p">02441</subfield>
    <subfield code="r">2019-03-22 00:00:00</subfield>
    <subfield code="w">2019-03-22</subfield>
    <subfield code="y">B</subfield>
  </datafield>
</record>
